Kappaleen nimi sanoituksissa #7 - Statistics

Yleistilastot
  • Tätä visaa on pelattu 384 kertaa
  • Keskiarvotulos 11 / 20
Vastaustilastot
Sanat % Oikein
En jäätä, joka murtui, en kirkonkelloja / Olit puolisoni silloin, {olet} {puolisoni} {nyt}
96%
On siis {kevät} / Kuljen Hakaniemen rantaa / Tuuli ei tuule, mutta sade kyllä jaksaa
89%
Me istutettiin yhdessä puu / Sen oksille linnut laskeutuu / Mun {juuret}, ne ovat täällä maassa syvällä
87%
Yöllä linja-autossa yksi väsynyt {matkustaja} / Huuruisesta ikkunasta katsoo vaihtuvat maisemat
87%
Ja sä voit pitää sen {Frida} Kahlon maalauksen / Sen sä voit pitää, mut sä et voi pitää mua
86%
Kun yössä yksin vaeltaa / Voi kaltaisensa kohdata / Ja {hetken} {tie} {on} {kevyt} kaksin kulkea
77%
Olen kylmä ja kivinen kaivo / {Piha} {ilman} {sadettajaa} / Sitä minä olen jos sua en saa
72%
{Kun} {tänään} {lähden}, otan mukaan mitä tarvitsen / Taivaalta tähden valitsen ja sitä seurailen
70%
Mut joku aamu, mä tiedän sen, sä heräät huomaamaan / Sinä selvisit ja {kelpaat} {kelle} {vaan}
68%
{Milla} hei sun täytyy muuttuu / Sun elämältä suunta puuttuu
62%
{Mä} {annan} {sut} {pois} / Mä päästän sut pois / Vaikka sattuu
58%
Maailman nähdä voi niin kauniina / Jos on elänyt kuin {Cicciolina}
55%
Onko olemassa {palavaa} {vettä} / Jonka alla sydän tuntee että / Kiire sydämessä sulaa rintaan
52%
Kun aika on tai muuten vaan / Tulee {levottomat} {tuulet} noutamaan / Ja ne vie minut mukanaan
47%
{Kato} {mua} {silmiin} ja sano mulle mitä sä näät / Tuu vaan mua vastaan puolimatkaan
44%
Uuden syntymän mä koin / Antaa paljon vielä voin / {Oon} {voimissain}
25%
En saa unta kuin sun vierelläsi / Mä ajan {läpi} {yön} sun vuoksesi takaisin
18%
Se toinen saa sut kyllä pitää / En katso taakseni / Mä {elän} {itselleni}
17%
Kun {en} {mielestäin} {sua} {saa} / Mä enhän edes nimees tiedä / Miks {en} {mielestäin} {sua} {saa}?
15%
Jos hukuttaudun pohjalle, nostathan takaisin pinnalle / {Elämä} {lupaa} {mulle}, syyni tuntuu tarkoituksettomalle
3%
Ehtoja vastaavia visoja ei löytynyt
Tulosjakauma
Jokaisen tuloksen saaneiden osuus
Persentiili vastausten määrän mukaan
Tuloshistoriasi
Et ole pelannut tätä visaa